| 000 | 00452nab a2200145Ia 4500 | ||
|---|---|---|---|
| 003 | ES-SlBCS | ||
| 005 | 20210601125508.0 | ||
| 008 | 140529s2004 xxu||||| |||| 00| 0 eng d | ||
| 041 | _aeng | ||
| 100 | 1 |
_aBannan, John F. _9159302 |
|
| 245 | 0 | 0 |
_aEmotions and Biology: Remarks on the Present Trend _c John F. Bannan |
| 650 | 0 | 4 |
_aEmoción-Biología _9159303 |
| 773 | 0 |
_tReview of Methaphysics _gvol. 58, nº. 2, 2004, págs. 279-304 _wRev843 |
|
| 942 | _cAR | ||
| 999 |
_c531242 _d531242 |
||